Bludní Holanďania, (alebo), majstrovské dielo nizozemského umenia na Slovensku

Bibliographic Details
Main Author: Podušel, Ľubomír, 1953- (Author)
Format: Article
Language:Slovak
PhysicalDescription:Fotogr.
ISSN:0027-5263
Subjects:

MARC

LEADER 00000nab a2200000 a 4500
001 vtls009084251
003 SK-MaSNL
005 20260426094957.0
008 250507c2007 xo |||||| | ||00 b|slo
015 |a SNBRB2007/08  |2 snkbucl 
035 |a (uuid)37c3b9ae-c369-4962-a99f-09601d1ba007 
035 |a urn:nbn:sk:snk-ab2q8i 
035 |a (urnnbn)urn:nbn:sk:snk:ar-a02rad 
038 |a SNKBUCL 
040 |a SNKBUCL  |b slo  |c SNKBUCL  |e AACR2 
041 0 |a slo 
044 |a xo  |c SK 
080 |a 73/76(492+493.3)"16":061.4  |2 1997 
080 |a 061.4  |2 1997 
080 |a 069.02:73/76  |x (437.6)  |2 1997 
100 1 |a Podušel, Ľubomír,  |d 1953-  |4 aut  |9 89283 
245 1 0 |a Bludní Holanďania, (alebo), majstrovské dielo nizozemského umenia na Slovensku  |c Ľubomír Podušel 
300 |b Fotogr. 
610 2 7 |a Slovenská národná galéria  |2 snkbucl  |9 59840 
610 2 7 |a Galéria mesta Bratislavy  |2 snkbucl  |9 32177 
611 2 7 |a Bludní Holanďania  |g výstava  |d (2006-2007 :  |c Bratislava, Slovensko)  |2 snkbucl  |9 1069038 
648 7 |a 2006-2007  |2 snkbucl  |9 332664 
648 7 |a 17. stor.  |2 snkbucl  |9 288141 
650 0 7 |a výtvarné umenie  |2 snkbucl  |9 723 
650 0 7 |a flámske výtvarné umenie  |2 snkbucl  |9 99128 
650 0 7 |a holandské výtvarné umenie  |2 snkbucl  |9 99386 
650 0 7 |a výstavy  |2 snkbucl  |9 2780 
651 7 |a Bratislava (Slovensko)  |2 snkbucl  |9 14568 
773 0 |t Múzeum  |g Roč. LIII, č. 2 (2007), s. 32-33  |x 0027-5263 
850 |a Slovenská národná knižnica 
852 |a Slovenská národná knižnica 
954 |a odborná, vedecká literatúra pôvodná (slovenská)  |2 lita 
958 |a article27 
958 |a OND 
958 |a EUIPO 
999 |c 3153313  |d 3155243